000
00403nam a22001572 4500
001
0000005685
005
20151217160111.0
008
070620s xx 000 0 eng d
040
_a
KABU
_c
KABU
050
0
_a
SF75.5
_b
.F37
245
1
0
_a
Farm animals.
260
_a
[New York] :
_b
Macmillan,
_c
[19?]
300
_a
21 p.
908
_a
070620
999
_c
14253
_d
14253